Clash Royale - Statistics

General Stats
  • This quiz has been taken 6 times
  • The average score is 33 of 125
Answer Stats
Hint (Arena) Answer (Card) % Correct
Electro Valley Electro Wizard
80%
Training Camp Fireball
80%
Goblin Stadium Goblins
80%
Builder's Workshop Hog Rider
80%
Training Camp Mini P.E.K.K.A.
80%
P.E.K.K.A's Playhouse P.E.K.K.A.
80%
Royal Arena Prince
80%
Bone Pit Skeletons
80%
Electro Valley The Log
80%
Training Camp Archers
60%
Training Camp Arrows
60%
Training Camp Giant
60%
P.E.K.K.A's Playhouse Goblin Barrel
60%
Goblin Stadium Goblin Hut
60%
Silent Sanctuary Little Prince
60%
Royal Cript Mighty Miner
60%
Electro Valley Miner
60%
Electro Valley Princess
60%
P.E.K.K.A's Playhouse Skeleton Army
60%
P.E.K.K.A's Playhouse Witch
60%
Spell Valley Wizard
60%
Builder's Workshop Zap
60%
Royal Cript Archer Queen
40%
P.E.K.K.A's Playhouse Baby Dragon
40%
Royal Arena Balloon
40%
Barbarian Bowl Barbarians
40%
Royal Cript Boss Bandit
40%
Barbarian Bowl Cannon
40%
Hog Mountain Elite Barbarians
40%
Miner's Mine Elixir Collector
40%
Serenity Peak Executioner
40%
Frozen Peak Freeze
40%
Executioner's Kicthen Golden Knight
40%
Hog Mountain Golem
40%
Spooky Town Ice Wizard
40%
Electro Valley Inferno Dragon
40%
Spell Valley Inferno Tower
40%
Training Camp Knight
40%
Serenity Peak Lumberjack
40%
Electro Valley Mega Knight
40%
Silent Sanctuary Monk
40%
Miner's Mine Mother Witch
40%
Serenity Peak Night Witch
40%
Jungle Arena Poison
40%
Serenity Peak Rage
40%
Builder's Workshop Rocket
40%
Executioner's Kicthen Skeleton King
40%
Electro Valley Sparky
40%
Goblin Stadium Spear Goblins
40%
Bone Pit Valkyrie
40%
Rascal's Hideout Bandit
20%
Jungle Arena Barbarian Hut
20%
Builder's Workshop Bats
20%
Bone Pit Bomber
20%
Spell Valley Bomb Tower
20%
Royal Arena Dark Prince
20%
Jungle Arena Dart Goblin
20%
Spooky Town Electro Dragon
20%
Spell Valley Electro Spirit
20%
Serenity Peak Elixir Golem
20%
Spell Valley Fire Spirit
20%
Hog Mountain Furnace
20%
Frozen Peak Giant Skeleton
20%
Jungle Arena Goblin Gang
20%
Jungle Arena Goblin Giant
20%
Miner's Mine Goblin Machine
20%
Spooky Town Graveyard
20%
Rascal's Hideout Heal Spirit
20%
Frozen Peak Ice Spirit
20%
Frozen Peak Lightning
20%
Rascal's Hideout Magic Archer
20%
Barbarian Bowl Mega Minion
20%
Training Camp Minions
20%
Training Camp Musketeer
20%
Electro Valley Ram Rider
20%
Rascal's Hideout Rascals
20%
Royal Arena Royal Giant
20%
Jungle Arena Skeleton Barrel
20%
Hog Mountain Tesla
20%
Bone Pit Tombstone
20%
Miner's Mine Tornado
20%
Frozen Peak Vines
20%
Hog Mountain Zappies
20%
Jungle Arena Barbarian Barrel
0%
Frozen Peak Battle Healer
0%
Barbarian Bowl Battle Ram
0%
Jungle Arena Berserker
0%
Rascal's Hideout Bowler
0%
Miner's Mine Cannon Cart
0%
Frozen Peak Cannoneer
0%
Miner's Mine Clone
0%
Electro Valley Dagger Duchess
0%
Spooky Town Earthquake
0%
Rascal's Hideout Electro Giant
0%
Spooky Town Firecracker
0%
Miner's Mine Fisherman
0%
Builder's Workshop Flying Machine
0%
Frozen Peak Giant Snowball
0%
Goblin Stadium Goblin Cage
0%
Serenity Peak Goblin Curse
0%
Spooky Town Goblin Demolisher
0%
Serenity Peak Goblin Drill
0%
Silent Sanctuary Goblinstein
0%
P.E.K.K.A's Playhouse Guards
0%
Hog Mountain Hunter
0%
Frozen Peak Ice Golem
0%
Rascal's Hideout Lava Hound
0%
Hog Mountain Minion Horde
0%
Miner's Mine Mirror
0%
Builder's Workshop Mortar
0%
Spooky Town Phoenix
0%
Rascal's Hideout Royal Chef
0%
Serenity Peak Royal Delivery
0%
Spooky Town Royal Ghost
0%
Royal Arena Royal Hogs
0%
Royal Arena Royal Recruits
0%
Jungle Arena Rune Giant
0%
Spell Valley Skeleton Dragons
0%
Miner's Mine Spirit Empress
0%
Rascal's Hideout Suspicious Bush
0%
Royal Arena Three Musketeers
0%
Training Camp Tower Princess
0%
Miner's Mine Void
0%
Spooky Town Wall Breakers
0%
Hog Mountain X-Bow
0%
No matching quizzes found
Score Distribution
Percent of People with Each Score
Percentile by Number Answered
Your Score History
You have not taken this quiz